000 00621cam a2200205 4500
001 IQ001040
008 t19921992sp a spa
020 _a8429171177
035 _aIQ001040
100 1 _aCoeuret, F.
245 1 0 _aIntroducción a la ingeniería electroquímica /
_cF. Coeuret ; ed. cord. por J. Costa López.
260 _aBarcelona :
_bReverte,
_cc1992
300 _axv, 313 p. :
_bil. ;
_c24 cm.
504 _aBibliografía: p. 299-305
504 _aIncluye glosario e índice
650 4 _aElectroquímica
700 1 _aCosta Lopez, J., col.
942 _2lcc
_cLIB
999 _c95498
_d95498